| 000 -LEADER |
| fixed length control field |
00771nam a2200241 a 4500 |
| 008 - FIXED-LENGTH DATA ELEMENTS--GENERAL INFORMATION |
| fixed length control field |
191029r20092012ii a|||g |||| 00| 0 eng d |
| 020 ## - INTERNATIONAL STANDARD BOOK NUMBER |
| International Standard Book Number |
9780070221796 |
| Terms of availability |
Rs. 599.00 |
| 040 ## - CATALOGING SOURCE |
| Original cataloging agency |
IMU Kochi Library |
| Language of cataloging |
eng |
| 041 0# - LANGUAGE CODE |
| Language code of text/sound track or separate title |
eng |
| 044 ## - COUNTRY OF PUBLISHING/PRODUCING ENTITY CODE |
| MARC country code |
India |
| 082 04 - DEWEY DECIMAL CLASSIFICATION NUMBER |
| Edition number |
23 |
| Classification number |
658.049 |
| Item number |
H5501 |
| 100 1# - MAIN ENTRY--PERSONAL NAME |
| Personal name |
Hill, Charles W. L. |
| 245 10 - TITLE STATEMENT |
| Title |
International Business : |
| Sub Title |
Competing in the Global Marketplace / |
| 250 ## - EDITION STATEMENT |
| Edition statement |
6th ed. |
| 260 ## - PUBLICATION, DISTRIBUTION, ETC. (IMPRINT) |
| Place of publication, distribution, etc |
New Delhi : |
| Name of publisher, distributor, etc |
Tata McGraw Hill Education Private Limited , |
| Date of publication, distribution, etc |
2009, reprinted 2012 |
| 300 ## - PHYSICAL DESCRIPTION |
| Extent |
xxv, 942 p. : |
| Other physical details |
ill. ; |
| Dimensions |
24 cm. |
| 504 ## - BIBLIOGRAPHY, ETC. NOTE |
| Bibliography, etc |
Includes Index. |
| 650 #0 - SUBJECT ADDED ENTRY--TOPICAL TERM |
| Topical term or geographic name as entry element |
International business enterprises |
| General subdivision |
Management |
| Form subdivision |
Textbooks |
| 700 ## - ADDED ENTRY--PERSONAL NAME |
| Personal name |
Jain, Arun Kumar |
| Relator term |
Joint Author |
| 852 ## - LOCATION/CALL NUMBER |
| Location |
IMU Kochi Library |
| 904 ## - LOCAL DATA ELEMENT D, LDD (RLIN) |
| CATALOGER |
Akhil Bose |
| 942 ## - ADDED ENTRY ELEMENTS (KOHA) |
| Item type |
Books |